[Event "Hannibal Online op U12"]
[Site "Chess.com INT"]
[Date "2020.06.09"]
[Round "9"]
[White "Coicev, Matei Andrei"]
[Black "Vranceanu, Sofia Maria"]
[Result "1-0"]
[WhiteElo "1845"]
[BlackElo "1282"]
[PlyCount "107"]
[EventDate "2020.06.01"]
[EventType "swiss"]
[EventRounds "9"]
[EventCountry "MDA"]
[SourceTitle "CBM 196 Extra"]
[Source "ChessBase"]
[SourceDate "2020.07.31"]
[SourceVersion "1"]
[SourceVersionDate "2020.07.31"]
[SourceQuality "1"]

1. e4 d5 2. exd5 Qxd5 3. Nc3 Qa5 4. g3 Nf6 5. Bg2 c6 6. Nf3 Bg4 7. h3 Bxf3 8. Bxf3 e6 9. 0-0 Bd6 10. d4 Nbd7 11. Bd2 Qc7 12. Kg2 Nb6 13. Bg5 Nbd5 14. Nxd5 cxd5 15. Bxf6 gxf6 16. Be2 0-0-0 17. c4 Kb8 18. cxd5 exd5 19. Rc1 Qd7 20. Qb3 Rhg8 21. Qxd5 Bxg3 22. Qxd7 Bf4+ 23. Qg4 Bxc1 24. Rxc1 Rxg4+ 25. Bxg4 Rg8 26. Kf3 b6 27. Kf4 Rd8 28. Rc8+ Rxc8 29. Bxc8 Kxc8 30. Kf5 Kd7 31. Kxf6 Ke8 32. d5 Kf8 33. d6 Ke8 34. h4 Kd7 35. Kxf7 Kxd6 36. Kg7 h5 37. Kg6 Ke5 38. Kxh5 Kf5 39. f4 a6 40. b4 a5 41. bxa5 bxa5 42. a4 Kf6 43. Kg4 Kg6 44. f5+ Kf6 45. Kf4 Kg7 46. Kg5 Kh7 47. h5 Kg7 48. h6+ Kh7 49. f6 Kg8 50. Kg6 Kh8 51. Kf7 Kh7 52. Ke7 Kxh6 53. f7 Kg7 54. f8Q+ 1-0

[Event "ROM-ch U10 Girls"]
[Site "Calimanesti"]
[Date "2018.03.31"]
[Round "6"]
[White "Ivascu, Andreea Catalina"]
[Black "Vranceanu, Sofia Maria"]
[Result "1/2-1/2"]
[WhiteElo "1054"]
[BlackElo "1213"]
[PlyCount "62"]
[EventDate "2018.03.27"]
[EventType "swiss"]
[EventRounds "9"]
[EventCountry "ROU"]
[SourceTitle "CBM 183 Extra"]
[Source "ChessBase"]
[SourceDate "2018.04.19"]
[SourceVersion "1"]
[SourceVersionDate "2018.04.19"]
[SourceQuality "1"]

1. f4 d5 2. Nf3 Nc6 3. e3 Bg4 4. d4 Nf6 5. Bd3 e6 6. a3 Bd6 7. 0-0 0-0 8. Nbd2 Qe7 9. Qe1 Rfe8 10. Ne5 Bf5 11. Rf3 Bxd3 12. cxd3 Rad8 13. Rh3 Bxe5 14. fxe5 Nd7 15. Qg3 f6 16. Nf3 fxe5 17. dxe5 Rf8 18. Bd2 Rf5 19. d4 Nb6 20. Re1 Nc4 21. Bc3 Rdf8 22. Rh4 a6 23. b4 Nxa3 24. Rg4 Nb5 25. Bd2 Nxb4 26. Bxb4 Qxb4 27. Rxg7+ Kh8 28. Rxc7 R5f7 29. Rxf7 Rxf7 30. Rf1 Qc4 31. Qh4 Rf8 1/2-1/2

[Event "ROM-ch U08 Girls"]
[Site "Baile Felix"]
[Date "2017.02.07"]
[Round "7"]
[White "Stefan, Iulia Cristiana"]
[Black "Vranceanu, Sofia Maria"]
[Result "1-0"]
[WhiteElo "1205"]
[BlackElo "1044"]
[PlyCount "37"]
[EventDate "2017.02.02"]
[EventType "swiss"]
[EventRounds "9"]
[EventCountry "ROU"]
[SourceTitle "CBM 176 Extra"]
[Source "ChessBase"]
[SourceDate "2017.03.02"]
[SourceVersion "1"]
[SourceVersionDate "2017.03.02"]
[SourceQuality "1"]

1. e4 e6 2. Nf3 d5 3. Nc3 Nf6 4. e5 Ne4 5. Ne2 Bc5 6. d4 Bb6 7. Ng3 Nxg3 8. hxg3 0-0 9. Bd3 g6 10. 0-0 Nc6 11. c3 Bd7 12. Bg5 Qe8 13. Bf6 h6 14. Qd2 Kh7 15. Qf4 a6 16. Qh4 Na5 17. Ng5+ Kg8 18. Qxh6 Bb5 19. Qg7# 1-0

[Event "ROM-ch U08 Girls"]
[Site "Baile Felix"]
[Date "2017.02.03"]
[Round "2"]
[White "Vranceanu, Sofia Maria"]
[Black "Cioara, Maria"]
[Result "1-0"]
[WhiteElo "1044"]
[BlackElo "1047"]
[PlyCount "53"]
[EventDate "2017.02.02"]
[EventType "swiss"]
[EventRounds "9"]
[EventCountry "ROU"]
[SourceTitle "CBM 176 Extra"]
[Source "ChessBase"]
[SourceDate "2017.03.02"]
[SourceVersion "1"]
[SourceVersionDate "2017.03.02"]
[SourceQuality "1"]

1. Nf3 Nc6 2. g3 e5 3. d3 d5 4. Nbd2 Nf6 5. Bg2 Be6 6. 0-0 Bc5 7. Re1 Qd7 8. e4 0-0-0 9. Qe2 Bh3 10. Nb3 Bb6 11. Ng5 Bg4 12. Bf3 Bh3 13. Nxh3 Qxh3 14. Bg5 h6 15. Bxf6 gxf6 16. Bg4+ Qxg4 17. Qxg4+ Kb8 18. exd5 Rxd5 19. Qg7 Rhd8 20. Qxf6 Nb4 21. Rac1 Nxa2 22. Rcd1 Re8 23. c3 Rd6 24. Rxe5 Rxe5 25. Qh8+ Re8 26. Qxe8+ Rd8 27. Qxd8# 1-0

[Event "ROM-ch U08 Girls"]
[Site "Baile Felix"]
[Date "2017.02.02"]
[Round "1"]
[White "Murariu, Maria"]
[Black "Vranceanu, Sofia Maria"]
[Result "0-1"]
[WhiteElo "1001"]
[BlackElo "1044"]
[PlyCount "52"]
[EventDate "2017.02.02"]
[EventType "swiss"]
[EventRounds "9"]
[EventCountry "ROU"]
[SourceTitle "CBM 176 Extra"]
[Source "ChessBase"]
[SourceDate "2017.03.02"]
[SourceVersion "1"]
[SourceVersionDate "2017.03.02"]
[SourceQuality "1"]

1. e4 e6 2. Nf3 d5 3. exd5 exd5 4. d4 Qe7+ 5. Be2 Nf6 6. Nc3 Bf5 7. Bf4 Nc6 8. Qd2 Qd8 9. Qe3+ Qe7 10. Qd2 Qd7 11. 0-0-0 Bd6 12. Rhe1 0-0-0 13. Bb5 Be6 14. Qd3 Bxf4+ 15. Kb1 Bd6 16. g3 a6 17. Ba4 Bg4 18. Nh4 Bxd1 19. Rxd1 Qe7 20. Kc1 Ng4 21. Qf3 Na5 22. Qxg4+ Kb8 23. Qxg7 Nc4 24. Nf5 Be5 25. Qh6 Qb4 26. Qg5 Qxb2# 0-1